Music Quiz

Random Music or US Presidents Quiz
Score 0/13 Timer 03:00
0 Plays Today
President Artist % Correct
R. NixonThe Beatles & The Jackson 5
91.2%
L. JohnsonThe Beatles
91%
D. EisenhowerElvis Presley
77.5%
R. ReaganMichael Jackson
76.1%
B. ObamaKaty Perry
41.4%
G.H.W. BushPaula Abdul & Mariah Carey
37.5%
B. ClintonMariah Carey
36.7%
D. TrumpPost Malone
23.1%
G. FordElton John
22.4%
J. CarterBee Gees
21.9%
G.W. BushUsher
17.6%
H. TrumanPerry Como
5.9%
J. KennedyThe Four Seasons
5.5%

You're not logged in!

Compare scores with friends on all Sporcle quizzes.
OR
Log In

Sporcle TV

Today on Sporcle TV


Watch our educational content, quiz creation guides, and fun videos on Sporcle TV.

Show Comments

Extras

Top Quizzes Today


Score Distribution

Paid Content

Your Account Isn't Verified!

In order to create a playlist on Sporcle, you need to verify the email address you used during registration. Go to your Sporcle Settings to finish the process.

Report this User

Report this user for behavior that violates our Community Guidelines.

Details: